| 000 | 00537nam a22002291a 4500 | ||
|---|---|---|---|
| 001 | 2498 | ||
| 003 | OSt | ||
| 005 | 20260204211815.0 | ||
| 008 | 040305s1991||||mx ||||||b||||||||||spa|| | ||
| 020 | _a9688803251 | ||
| 050 | _a576 B783m | ||
| 082 | _a576 B783m | ||
| 100 | _aBrock, Thomas D. | ||
| 245 | _aMicrobiología / Thomas D. Brock | ||
| 250 | _a6 | ||
| 264 | _aMéxico : Prentice-Hall | ||
| 300 | _a956 p. | ||
| 500 | _aIncluye indice. | ||
| 650 | _a1.Microbiología | ||
| 700 | _aMadigan, Michael T.Ì | ||
| 942 |
_2ddc _cBK |
||
| 999 |
_c2498 _d2498 |
||